[Event "21. Copenhagen Open  (Politiken Cup)"]
[Site "Copenhagen"]
[Date "1999.07.11"]
[Round "8"]
[White "Bering, Anders"]
[Black "Gislason, Ingolfur"]
[Result "0-1"]
[WhiteElo "2007"]
[BlackElo "1810"]
[PlyCount "80"]
[EventDate "1999.07.03"]
[EventType "swiss"]
[EventRounds "11"]
[EventCountry "DEN"]
[SourceDate "2004.01.01"]

1. e4 e6 2. d4 d5 3. Nc3 Bb4 4. e5 c5 5. a3 Bxc3+ 6. bxc3 Ne7 7. a4 Qa5 8. Bd2
Nbc6 9. Nf3 Qc7 10. g3 Bd7 11. Bg2 cxd4 12. cxd4 Nf5 13. c3 h5 14. h4 Na5 15.
O-O Rc8 16. Qb1 Qc4 17. Rc1 Qb3 18. Bf1 O-O 19. Qd3 Qc4 20. Qc2 Qc7 21. Bd3 Nc4
22. Bg5 a6 23. Bxf5 exf5 24. Nd2 b5 25. Qd1 bxa4 26. Nxc4 Qxc4 27. Qxh5 Rc6 28.
Be7 Rb8 29. Bd6 Rb3 30. Bb4 Qb5 31. Qg5 Rg6 32. Qd8+ Kh7 33. Kg2 f4 34. h5 Rg4
35. h6 fxg3 36. hxg7 gxf2+ 37. Kh1 Rxg7 38. Qh4+ Kg8 39. Qd8+ Be8 40. Qe7 Qe2
0-1

[Event "21. Copenhagen Open  (Politiken Cup)"]
[Site "Copenhagen"]
[Date "1999.07.11"]
[Round "8"]
[White "Bosch, Jeroen"]
[Black "Matthiesen, Martin"]
[Result "1-0"]
[WhiteElo "2433"]
[BlackElo "2322"]
[PlyCount "51"]
[EventDate "1999.07.03"]
[EventType "swiss"]
[EventRounds "11"]
[EventCountry "DEN"]
[SourceDate "2004.01.01"]

1. e4 d6 2. d4 g6 3. Nc3 Nf6 4. Nf3 Bg7 5. Be3 O-O 6. Qd2 a6 7. Bd3 b5 8. a4 b4
9. Ne2 a5 10. Bh6 Bb7 11. Ng3 Nbd7 12. h4 e5 13. Bxg7 Kxg7 14. h5 Qe7 15. Qg5
Kg8 16. O-O-O Rfe8 17. Nf5 Qf8 18. hxg6 fxg6 19. Rxh7 Kxh7 20. Rh1+ Nh5 21.
Rxh5+ gxh5 22. Qxh5+ Kg8 23. Qg6+ Kh8 24. Qh5+ Kg8 25. Qg6+ Kh8 26. Ng5 1-0

[Event "21. Copenhagen Open  (Politiken Cup)"]
[Site "Copenhagen"]
[Date "1999.07.11"]
[Round "8"]
[White "Brantzeg, Pal"]
[Black "Schmidt, Horst Hubert"]
[Result "0-1"]
[WhiteElo "1476"]
[BlackElo "1672"]
[PlyCount "82"]
[EventDate "1999.07.03"]
[EventType "swiss"]
[EventRounds "11"]
[EventCountry "DEN"]
[SourceDate "2004.01.01"]

1. d4 Nf6 2. Nf3 d5 3. e3 Bg4 4. Nbd2 e6 5. c4 c6 6. Qb3 Bxf3 7. Qxb7 Nbd7 8.
Nxf3 Rb8 9. Qxa7 Bb4+ 10. Bd2 Bxd2+ 11. Nxd2 Rxb2 12. Qa3 Rb8 13. Bd3 c5 14.
dxc5 Qe7 15. O-O O-O 16. cxd5 Qxc5 17. Qxc5 Nxc5 18. Bc4 exd5 19. Bb3 Nd3 20.
Nf3 Rfc8 21. Rad1 Rc3 22. Nd4 Kf8 23. Rd2 Ne4 24. Rc2 Rbc8 25. f3 Rxc2 26. Bxc2
Nec5 27. Rd1 Nb2 28. Rd2 Nc4 29. Re2 g6 30. Kf2 Ne6 31. Nb5 f5 32. Bb3 Nb6 33.
Rd2 Rc5 34. a4 Nc4 35. Rc2 f4 36. e4 Ne3 37. Rd2 Rc1 38. exd5 Nc5 39. d6 Rf1+
40. Ke2 Nxb3 41. d7 Nc1# 0-1

[Event "21. Copenhagen Open  (Politiken Cup)"]
[Site "Copenhagen"]
[Date "1999.07.11"]
[Round "8"]
[White "Backlund, Anders"]
[Black "Mortensen, Henrik"]
[Result "1-0"]
[WhiteElo "2265"]
[BlackElo "2078"]
[PlyCount "105"]
[EventDate "1999.07.03"]
[EventType "swiss"]
[EventRounds "11"]
[EventCountry "DEN"]
[SourceDate "2004.01.01"]

1. e4 d5 2. exd5 Qxd5 3. Nc3 Qa5 4. Nf3 Nf6 5. d4 c6 6. Be2 Bg4 7. O-O e6 8.
Bf4 Be7 9. h3 Bh5 10. Ne5 Bxe2 11. Nxe2 O-O 12. c3 Nbd7 13. Bg3 Nxe5 14. Bxe5
Rad8 15. Qb3 Qb5 16. Qc2 Qd5 17. Rfe1 Nd7 18. Bg3 Bf6 19. Nf4 Qa5 20. Nd3 Qf5
21. Rad1 Rfe8 22. Qb3 Qb5 23. Qxb5 cxb5 24. Re2 Rc8 25. Rde1 Red8 26. a3 g6 27.
h4 h6 28. h5 g5 29. f4 b6 30. Rf1 Nf8 31. fxg5 Bxg5 32. Ne5 f5 33. Nd3 Re8 34.
Rfe1 Rcd8 35. Re5 Nd7 36. Rxe6 Rxe6 37. Rxe6 Nf6 38. Be5 Nxh5 39. Rc6 Rf8 40.
Rc7 f4 41. Kf2 Rf7 42. Rc8+ Kh7 43. Kf3 Kg6 44. Rc7 Rxc7 45. Bxc7 Kf5 46. Bb8
Bd8 47. Nxf4 Nxf4 48. g4+ Kg6 49. Bxf4 h5 50. gxh5+ Kxh5 51. Ke4 Kg4 52. d5 a5
53. Bb8 1-0

[Event "21. Copenhagen Open  (Politiken Cup)"]
[Site "Copenhagen"]
[Date "1999.07.11"]
[Round "8"]
[White "Baekgaard, Martin"]
[Black "Aagaard, Jacob"]
[Result "0-1"]
[WhiteElo "2055"]
[BlackElo "2403"]
[PlyCount "76"]
[EventDate "1999.07.03"]
[EventType "swiss"]
[EventRounds "11"]
[EventCountry "DEN"]
[SourceDate "2004.01.01"]

1. d4 Nf6 2. c4 e6 3. Nf3 b6 4. Nc3 Bb7 5. g3 Be7 6. Bg2 Ne4 7. Qc2 Nxc3 8.
Qxc3 O-O 9. O-O f5 10. b3 Bf6 11. Bb2 Qe8 12. Qd2 Nc6 13. Ne5 Nd8 14. Bxb7 Nxb7
15. d5 Nc5 16. dxe6 Qxe6 17. Nf3 Bxb2 18. Qxb2 f4 19. Qe5 Qxe5 20. Nxe5 Rae8
21. gxf4 Rxf4 22. e3 Rf6 23. f4 d6 24. b4 dxe5 25. bxc5 Rg6+ 26. Kf2 exf4 27.
exf4 Rh6 28. cxb6 cxb6 29. Rh1 Rc6 30. Rac1 Re4 31. Kf3 Rcxc4 32. Rxc4 Rxc4 33.
Rd1 Ra4 34. Rd2 h5 35. Kg3 Kh7 36. Kf3 Kg6 37. Rg2+ Kf6 38. Re2 Ra3+ 0-1

[Event "21. Copenhagen Open  (Politiken Cup)"]
[Site "Copenhagen"]
[Date "1999.07.11"]
[Round "8"]
[White "Coleman, David"]
[Black "Hillarp Persson, Tiger"]
[Result "0-1"]
[WhiteElo "2240"]
[BlackElo "2507"]
[PlyCount "60"]
[EventDate "1999.07.03"]
[EventType "swiss"]
[EventRounds "11"]
[EventCountry "DEN"]
[SourceDate "2004.01.01"]

1. e4 Nf6 2. e5 Nd5 3. c4 Nb6 4. d4 d6 5. exd6 cxd6 6. Nc3 g6 7. Be3 Bg7 8. Rc1
O-O 9. b3 e5 10. dxe5 dxe5 11. Qxd8 Rxd8 12. c5 N6d7 13. Bc4 Nc6 14. Nf3 Na5
15. Be2 b6 16. cxb6 Nxb6 17. Nb5 Bb7 18. O-O Nd5 19. Bg5 Rd7 20. Rfd1 a6 21.
Na3 e4 22. Ne1 Bb2 23. Rc5 Bxa3 24. Rxa5 Bb4 25. Ra4 Bxe1 26. Rxe1 Nc3 27. Bg4
Rd5 28. Bf6 Nxa4 29. bxa4 Rd2 30. Rc1 e3 0-1

[Event "21. Copenhagen Open  (Politiken Cup)"]
[Site "Copenhagen"]
[Date "1999.07.11"]
[Round "8"]
[White "Damgaard, Sven"]
[Black "Birgisdottir, Ingibjorg Edda"]
[Result "1-0"]
[WhiteElo "1939"]
[BlackElo "1295"]
[PlyCount "61"]
[EventDate "1999.07.03"]
[EventType "swiss"]
[EventRounds "11"]
[EventCountry "DEN"]
[SourceDate "2004.01.01"]

1. d4 d5 2. c4 c6 3. Nf3 Nf6 4. Nc3 dxc4 5. a4 Bf5 6. e3 e6 7. Bxc4 Bb4 8. Qb3
a5 9. O-O Nbd7 10. Nh4 Bg6 11. Nxg6 hxg6 12. f3 Qc7 13. g3 Bd6 14. Kg2 Nh5 15.
Ne2 Nb6 16. Bd3 Nd5 17. e4 Nb4 18. Bc4 e5 19. Be3 exd4 20. Bxd4 f6 21. Rac1 Rd8
22. Qe3 c5 23. Bc3 Be5 24. f4 Bd6 25. e5 Qe7 26. Qf3 Bb8 27. g4 fxe5 28. fxe5
Rf8 29. Qe4 Qg5 30. Bb5+ Ke7 31. Qxb7+ 1-0

[Event "21. Copenhagen Open  (Politiken Cup)"]
[Site "Copenhagen"]
[Date "1999.07.11"]
[Round "8"]
[White "Dongart, Dennis"]
[Black "Hartvig, Ove Weiss"]
[Result "1-0"]
[WhiteElo "2095"]
[BlackElo "2289"]
[PlyCount "119"]
[EventDate "1999.07.03"]
[EventType "swiss"]
[EventRounds "11"]
[EventCountry "DEN"]
[SourceDate "2004.01.01"]

1. e4 c5 2. Nf3 d6 3. Bb5+ Nd7 4. d4 Ngf6 5. Nc3 cxd4 6. Qxd4 a6 7. Bxd7+ Bxd7
8. Bg5 e6 9. e5 dxe5 10. Nxe5 Be7 11. O-O-O Bc6 12. Qxd8+ Rxd8 13. Rxd8+ Bxd8
14. Nxc6 bxc6 15. Rd1 Be7 16. Bxf6 gxf6 17. Ne4 f5 18. Nd6+ Kf8 19. c3 Bg5+ 20.
Kc2 Ke7 21. Nb7 Bf4 22. g3 Bc7 23. Nc5 Bd6 24. Nb7 Bc7 25. Nc5 Bd6 26. Nxa6 Ra8
27. Nb4 Bxb4 28. cxb4 Rxa2 29. Kb3 Ra7 30. Kc4 e5 31. Kc5 Rb7 32. b3 Rb5+ 33.
Kxc6 Rxb4 34. Rb1 Ke6 35. Kc5 Rb8 36. Rb2 Rc8+ 37. Kb6 e4 38. b4 f4 39. gxf4
Kf5 40. Kb7 Rc3 41. b5 Kxf4 42. b6 Kf3 43. Ka7 Ra3+ 44. Kb8 Rc3 45. b7 f5 46.
Ka7 Rc7 47. Ka6 Rxb7 48. Kxb7 f4 49. Kc6 e3 50. fxe3 fxe3 51. Kd5 e2 52. Rb1 h5
53. Ke5 h4 54. Kf5 h3 55. Kg5 Kg2 56. Kg4 Kxh2 57. Re1 Kg2 58. Rxe2+ Kg1 59.
Kg3 h2 60. Rxh2 1-0

[Event "21. Copenhagen Open  (Politiken Cup)"]
[Site "Copenhagen"]
[Date "1999.07.11"]
[Round "8"]
[White "Gozzi, Giorgio"]
[Black "Nielsen, Frode Benedikt"]
[Result "0-1"]
[WhiteElo "1657"]
[BlackElo "1949"]
[PlyCount "72"]
[EventDate "1999.07.03"]
[EventType "swiss"]
[EventRounds "11"]
[EventCountry "DEN"]
[SourceDate "2004.01.01"]

1. e4 e5 2. Nf3 Nf6 3. Nxe5 d6 4. Nf3 Nxe4 5. d3 Nc5 6. Be2 Be7 7. O-O O-O 8.
d4 Ne4 9. Nbd2 d5 10. c3 Bg4 11. Nxe4 dxe4 12. Ne5 Be6 13. f3 exf3 14. Rxf3 Nd7
15. Nxd7 Qxd7 16. Qc2 c5 17. Be3 Rac8 18. Rd1 Qd5 19. c4 cxd4 20. Rxd4 Qa5 21.
b3 b5 22. Bf2 Bc5 23. Rh4 Qe1+ 24. Bf1 g6 25. Qe2 Qb4 26. Bxc5 Rxc5 27. Qe3
bxc4 28. Qh6 Rfc8 29. Qxh7+ Kf8 30. Qh8+ Ke7 31. Qf6+ Kd7 32. Rd4+ Kc6 33. Qe7
Rc7 34. Qd6+ Kb7 35. Bxc4 Bxc4 36. bxc4 Qb1+ {tid} 0-1

[Event "21. Copenhagen Open  (Politiken Cup)"]
[Site "Copenhagen"]
[Date "1999.07.11"]
[Round "8"]
[White "Grigorian, Anusit"]
[Black "Pedersen, Torben"]
[Result "1/2-1/2"]
[WhiteElo "2000"]
[BlackElo "1625"]
[PlyCount "48"]
[EventDate "1999.07.03"]
[EventType "swiss"]
[EventRounds "11"]
[EventCountry "DEN"]
[SourceDate "2004.01.01"]

1. d4 Nf6 2. c4 e6 3. Nc3 Bb4 4. a3 Bxc3+ 5. bxc3 d6 6. Qc2 b6 7. e4 e5 8. d5
Nbd7 9. f3 O-O 10. Bg5 Nc5 11. Ne2 Bd7 12. Nc1 Rb8 13. Qd2 h6 14. Be3 Nh7 15.
Bd3 f5 16. exf5 Bxf5 17. Bxf5 Rxf5 18. O-O Qe7 19. Bxc5 bxc5 20. Qc2 Rf4 21.
Nb3 Rff8 22. Nd2 Qe8 23. Rab1 Ng5 24. Ne4 Qg6 1/2-1/2

[Event "21. Copenhagen Open  (Politiken Cup)"]
[Site "Copenhagen"]
[Date "1999.07.11"]
[Round "8"]
[White "Grigoryan, Meri"]
[Black "Schyberg, Brian"]
[Result "0-1"]
[WhiteElo "2100"]
[BlackElo "1954"]
[PlyCount "96"]
[EventDate "1999.07.03"]
[EventType "swiss"]
[EventRounds "11"]
[EventCountry "DEN"]
[SourceDate "2004.01.01"]

1. e4 g6 2. f4 Bg7 3. Nf3 c5 4. Nc3 Nc6 5. Bb5 Nd4 6. Nxd4 cxd4 7. Ne2 Qb6 8.
Bd3 d5 9. e5 f6 10. exf6 Nxf6 11. b3 O-O 12. a4 e5 13. O-O e4 14. a5 Qc7 15.
Bb5 Qc5 16. Ba3 Qxb5 17. Bxf8 Bxf8 18. Nxd4 Bc5 19. c3 Qd3 20. Kh1 Bxd4 21.
cxd4 Qxd4 22. Qe1 Qb4 23. Qh4 Qd6 24. Rac1 Bf5 25. h3 h5 26. Rc3 d4 27. Rcc1 e3
28. dxe3 d3 29. Rc4 Re8 30. Rd4 Qe7 31. Qg5 Ne4 32. Qxe7 Rxe7 33. Kh2 h4 34.
Ra1 Ng3 35. Rd8+ Kg7 36. Re1 a6 37. Rb8 Be4 38. Rd8 Rc7 39. Rd6 Rc2 40. Rg1 Re2
41. Rd7+ Kf6 42. Rd8 Rxe3 43. Rf8+ Ke6 44. Rb8 d2 45. Re8+ Kf6 46. Rd8 Rd3 47.
Rxd3 Bxd3 48. Rd1 Bc2 0-1

[Event "21. Copenhagen Open  (Politiken Cup)"]
[Site "Copenhagen"]
[Date "1999.07.11"]
[Round "8"]
[White "Hansen, Erik Svaerke"]
[Black "Hansen, Morten Lyck"]
[Result "1/2-1/2"]
[WhiteElo "1626"]
[BlackElo "1847"]
[PlyCount "39"]
[EventDate "1999.07.03"]
[EventType "swiss"]
[EventRounds "11"]
[EventCountry "DEN"]
[SourceDate "2004.01.01"]

1. d4 Nf6 2. Nc3 d5 3. e4 dxe4 4. f3 e3 5. Bxe3 e6 6. Bc4 Be7 7. Nge2 O-O 8.
Qd2 Nbd7 9. Ne4 a6 10. N2g3 b5 11. Bd3 Nd5 12. c3 Nxe3 13. Qxe3 Bb7 14. O-O Kh8
15. f4 c5 16. dxc5 Nxc5 17. Nxc5 Bxc5 18. Qxc5 Qxd3 19. Rad1 Qc2 20. Qf2
1/2-1/2

[Event "21. Copenhagen Open  (Politiken Cup)"]
[Site "Copenhagen"]
[Date "1999.07.11"]
[Round "8"]
[White "Hau, Helge"]
[Black "Rosenberg, Jan"]
[Result "0-1"]
[WhiteElo "1492"]
[BlackElo "1624"]
[PlyCount "113"]
[EventDate "1999.07.03"]
[EventType "swiss"]
[EventRounds "11"]
[EventCountry "DEN"]
[SourceDate "2004.01.01"]

1. b3 e5 2. Bb2 Nc6 3. e3 d5 4. Bb5 Bd6 5. d3 Nf6 6. h3 Qe7 7. Qe2 O-O 8. Bxc6
bxc6 9. Nf3 Re8 10. O-O Ba6 11. c4 Rab8 12. Nbd2 Qd7 13. Rab1 Qe7 14. Rfc1 Nd7
15. Qd1 Nc5 16. Ne1 Ne6 17. Ndf3 Qf6 18. Rc2 Bc8 19. Nh2 d4 20. Qf3 Qg6 21. h4
h5 22. g3 f5 23. e4 Rf8 24. Ng2 Nc5 25. exf5 Bxf5 26. Ne1 Bxd3 27. Qd1 Bxc2 28.
Qxc2 Qxc2 29. Nxc2 Nd3 30. f3 Nxb2 31. Rxb2 c5 32. Ne1 Rbe8 33. Kg2 e4 34. fxe4
Rxe4 35. Nef3 Re3 36. Kf2 Rc3 37. Rd2 Re8 38. Nf1 c6 39. Re2 Rxe2+ 40. Kxe2
Rc2+ 41. N3d2 Rxa2 42. Kd3 Ra1 43. Ke4 Rd1 44. Kf5 Bxg3 45. Nxg3 Rxd2 46. Nxh5
Kf7 47. Ng3 Rd3 48. Ne4 Rxb3 49. Nxc5 Re3 50. Kf4 Rc3 51. Ne4 Rc2 52. c5 Ke6
53. h5 a5 54. Kg5 d3 55. Kg6 Rg2+ 56. Ng5+ Rxg5+ 57. Kxg5 0-1

[Event "21. Copenhagen Open  (Politiken Cup)"]
[Site "Copenhagen"]
[Date "1999.07.11"]
[Round "8"]
[White "Henrichsen, Jens"]
[Black "Brameld, Arthur F"]
[Result "1/2-1/2"]
[WhiteElo "2059"]
[BlackElo "2109"]
[PlyCount "34"]
[EventDate "1999.07.03"]
[EventType "swiss"]
[EventRounds "11"]
[EventCountry "DEN"]
[SourceDate "2004.01.01"]

1. d4 Nc6 2. Nf3 d5 3. c4 Bg4 4. cxd5 Bxf3 5. gxf3 Qxd5 6. e3 e6 7. Nc3 Bb4 8.
Bd2 Qh5 9. f4 Qxd1+ 10. Rxd1 Nge7 11. Ne4 Bxd2+ 12. Rxd2 O-O 13. Rg1 Rfd8 14.
Bd3 g6 15. Ke2 Nd5 16. Rgd1 a5 17. a3 Nce7 1/2-1/2

[Event "21. Copenhagen Open  (Politiken Cup)"]
[Site "Copenhagen"]
[Date "1999.07.11"]
[Round "8"]
[White "Hoff, Terje"]
[Black "Petersen, Steffen"]
[Result "1/2-1/2"]
[WhiteElo "2040"]
[BlackElo "1875"]
[PlyCount "112"]
[EventDate "1999.07.03"]
[EventType "swiss"]
[EventRounds "11"]
[EventCountry "DEN"]
[SourceDate "2004.01.01"]

1. Nf3 Nc6 2. g3 e5 3. d3 Nf6 4. Bg2 Be7 5. e4 O-O 6. O-O d6 7. h3 Qe8 8. Nh4
g6 9. Bh6 Nh5 10. Bxf8 Bxf8 11. Qd2 Nd4 12. c3 Ne6 13. Qe2 Qe7 14. Nf5 Qf6 15.
Ne3 c6 16. Ng4 Qg7 17. Nd2 f5 18. exf5 gxf5 19. Ne3 Qg6 20. Kh2 Bh6 21. Nec4 f4
22. g4 f3 23. Qxf3 Nhf4 24. Qd1 Nxg2 25. Kxg2 Nf4+ 26. Kh2 Nxd3 27. Qf3 d5 28.
Ne3 Bf4+ 29. Kh1 e4 30. Qg2 Be6 31. Rad1 b5 32. Nf5 Re8 33. Nb3 Nxb2 34. Rb1
Nd3 35. Nbd4 Bd7 36. a4 a6 37. axb5 cxb5 38. Ra1 Bc8 39. Rfd1 Bb7 40. Rdb1 Qb6
41. g5 Kh8 42. Nh6 Qg6 43. Ra2 e3 44. fxe3 Rxe3 45. Rf1 Qh5 46. Kg1 Rxh3 47.
Re2 Bc8 48. Rf3 Rxf3 49. Qxf3 Qxg5+ 50. Kf1 Qxh6 51. Re8+ Kg7 52. Rxc8 Qf6 53.
Qxd3 Be3+ 54. Qf5 Bxd4 55. Rc7+ Kg8 56. Rc8+ Kg7 1/2-1/2

[Event "21. Copenhagen Open  (Politiken Cup)"]
[Site "Copenhagen"]
[Date "1999.07.11"]
[Round "8"]
[White "Ingolfsdottir, Harpa"]
[Black "Dalso, Harry"]
[Result "1/2-1/2"]
[WhiteElo "1495"]
[BlackElo "1731"]
[PlyCount "110"]
[EventDate "1999.07.03"]
[EventType "swiss"]
[EventRounds "11"]
[EventCountry "DEN"]
[SourceDate "2004.01.01"]

1. e4 d6 2. d4 Nf6 3. Nc3 g6 4. Bc4 Bg7 5. Be3 O-O 6. Nge2 Nc6 7. f3 e5 8. Qd2
exd4 9. Nxd4 Ne5 10. Bb3 Bd7 11. a3 Bc6 12. O-O-O a6 13. h4 h5 14. Rdg1 Bd7 15.
Bg5 Qc8 16. f4 Neg4 17. Nf3 Be6 18. e5 dxe5 19. fxe5 Nh7 20. Nd5 Kh8 21. Qf4
Nf2 22. Ne7 Qd7 23. Bxe6 Qxe6 24. Nd4 Qg4 25. Qxf2 Nxg5 26. Nf3 Ne4 27. Qe3 c6
28. Nh2 Qe6 29. Qxe4 Qxe7 30. Nf3 Qe6 31. Qf4 Rae8 32. g4 Bxe5 33. Nxe5 Qxe5
34. Qh6+ Kg8 35. gxh5 Qe3+ 36. Qxe3 Rxe3 37. hxg6 fxg6 38. h5 Rf6 39. hxg6 Re7
40. Rh3 Rg7 41. Rd3 Rfxg6 42. Rxg6 Rxg6 43. Rd8+ Kh7 44. Kd2 Rg7 45. Kd3 Kg6
46. Kc4 Kf6 47. Rd2 Ke6 48. a4 b6 49. b4 Rg4+ 50. Rd4 b5+ 51. axb5 axb5+ 52.
Kc5 Rxd4 53. Kxd4 Kd6 54. c3 Kd7 55. Kc5 Kc7 1/2-1/2

[Event "21. Copenhagen Open  (Politiken Cup)"]
[Site "Copenhagen"]
[Date "1999.07.11"]
[Round "8"]
[White "Jakobsen, Ole"]
[Black "Hvenekilde, Jorgen"]
[Result "1-0"]
[WhiteElo "2398"]
[BlackElo "2239"]
[PlyCount "111"]
[EventDate "1999.07.03"]
[EventType "swiss"]
[EventRounds "11"]
[EventCountry "DEN"]
[SourceDate "2004.01.01"]

1. Nf3 Nf6 2. g3 d5 3. c4 e6 4. Bg2 c6 5. Qc2 Nbd7 6. O-O Bd6 7. d4 Ne4 8. Nfd2
f5 9. Nxe4 fxe4 10. f3 exf3 11. Rxf3 Nf6 12. Bf4 O-O 13. Nd2 Be7 14. Rd1 Bd7
15. Rb3 b6 16. Nf3 c5 17. Rbd3 dxc4 18. Qxc4 b5 19. Qc1 c4 20. R3d2 Bc6 21. b3
Bd5 22. bxc4 bxc4 23. Rc2 Rc8 24. Ne5 Bd6 25. Bg5 Qc7 26. Bxf6 gxf6 27. Ng4
Bxg2 28. Kxg2 Qg7 29. Nf2 f5 30. Rxc4 Bf4 31. Qc3 Qb7+ 32. Kg1 Be3 33. Rxc8
Bxf2+ 34. Kxf2 Rxc8 35. Qe3 Qd5 36. Qe5 Qxe5 37. dxe5 Rc5 38. Rd8+ Kf7 39. Rd7+
Kg6 40. Rxa7 Rxe5 41. a4 h5 42. Rb7 Re4 43. Ra7 Kf6 44. a5 Ra4 45. a6 Ke5 46.
Ra8 Ke4 47. a7 e5 48. Kg2 Ra2 49. Kh3 Ra5 50. Kh4 f4 51. Kxh5 fxg3 52. hxg3 Ra4
53. g4 Ke3 54. g5 e4 55. Kh6 Kxe2 56. g6 1-0

[Event "21. Copenhagen Open  (Politiken Cup)"]
[Site "Copenhagen"]
[Date "1999.07.11"]
[Round "8"]
[White "Jensen, John Klaus"]
[Black "Hogh, Sidsel T"]
[Result "1/2-1/2"]
[WhiteElo "1563"]
[BlackElo "1150"]
[PlyCount "33"]
[EventDate "1999.07.03"]
[EventType "swiss"]
[EventRounds "11"]
[EventCountry "DEN"]
[SourceDate "2004.01.01"]

1. d4 Nf6 2. c4 g6 3. Nc3 Bg7 4. e4 d6 5. Nf3 O-O 6. Be2 e5 7. dxe5 dxe5 8.
Qxd8 Rxd8 9. Bg5 Nc6 10. Nd5 Rd6 11. Bxf6 Bxf6 12. Nxc7 Rb8 13. Ne8 Re6 14.
Nxf6+ Rxf6 15. O-O-O Bg4 16. Rd2 Bxf3 17. Bxf3 1/2-1/2

[Event "21. Copenhagen Open  (Politiken Cup)"]
[Site "Copenhagen"]
[Date "1999.07.11"]
[Round "8"]
[White "Jensen, Kasper Smith"]
[Black "Christensen, Stefan"]
[Result "0-1"]
[WhiteElo "1944"]
[BlackElo "2196"]
[PlyCount "28"]
[EventDate "1999.07.03"]
[EventType "swiss"]
[EventRounds "11"]
[EventCountry "DEN"]
[SourceDate "2004.01.01"]

1. e4 e6 2. d4 d5 3. exd5 exd5 4. Bd3 c5 5. dxc5 Bxc5 6. Ne2 Nf6 7. O-O O-O 8.
Nbc3 Bg4 9. Bg5 Nc6 10. Nxd5 Qxd5 11. Bxf6 Qh5 12. Bc3 Rfe8 13. Re1 Qh4 14. g3
Bxf2+ 0-1

[Event "21. Copenhagen Open  (Politiken Cup)"]
[Site "Copenhagen"]
[Date "1999.07.11"]
[Round "8"]
[White "Jensen, Torben W"]
[Black "Preuss, Flemming"]
[Result "1-0"]
[WhiteElo "1740"]
[BlackElo "2078"]
[PlyCount "117"]
[EventDate "1999.07.03"]
[EventType "swiss"]
[EventRounds "11"]
[EventCountry "DEN"]
[SourceDate "2004.01.01"]

1. e4 e5 2. Nf3 d6 3. d4 Nf6 4. Nc3 Nbd7 5. Bc4 Be7 6. dxe5 dxe5 7. h3 O-O 8.
O-O c6 9. Be3 Qc7 10. Qe2 Nc5 11. Bxc5 Bxc5 12. Rad1 b5 13. Bb3 a6 14. Rd3 h6
15. Rfd1 g6 16. Nh4 Kh7 17. g4 Be7 18. Nf3 g5 19. Kg2 Kg7 20. Qe3 Nd7 21. Rh1
Nc5 22. Rdd1 a5 23. a3 Nxb3 24. cxb3 Be6 25. Ne2 Rfd8 26. Rc1 f6 27. Ng3 c5 28.
Nf5+ Bxf5 29. exf5 c4 30. h4 Rac8 31. hxg5 hxg5 32. bxc4 bxc4 33. Rc3 Bc5 34.
Qc1 Qc6 35. Rxc4 Rd3 36. Rh3 e4 37. Nxg5 e3+ 38. Ne4 Qd5 39. f3 Rd1 40. Rxc5
Rxc5 41. Qxe3 Rc2+ 42. Nf2 Rxf2+ 43. Kxf2 Rd2+ 44. Ke1 Rd1+ 45. Ke2 Qc4+ 46.
Kxd1 Qf1+ 47. Kc2 Qg2+ 48. Kb3 Qxh3 49. Qe7+ Kg8 50. Qe8+ Kg7 51. Qg6+ Kf8 52.
Qxf6+ Kg8 53. Qc3 Qg3 54. Ka4 Qb8 55. Kxa5 Qa7+ 56. Kb4 Qb6+ 57. Kc4 Qc6+ 58.
Kb3 Qb5+ 59. Ka2 1-0

[Event "21. Copenhagen Open  (Politiken Cup)"]
[Site "Copenhagen"]
[Date "1999.07.11"]
[Round "8"]
[White "Johansen, Terje"]
[Black "Bekker Jensen, Anne"]
[Result "0-1"]
[WhiteElo "2231"]
[BlackElo "2074"]
[PlyCount "80"]
[EventDate "1999.07.03"]
[EventType "swiss"]
[EventRounds "11"]
[EventCountry "DEN"]
[SourceDate "2004.01.01"]

1. d4 Nf6 2. c4 g6 3. Nc3 Bg7 4. Nf3 O-O 5. Bg5 d6 6. e3 Na6 7. Be2 c5 8. d5
Bf5 9. Nd2 h6 10. Bh4 Bd7 11. f4 Nh7 12. O-O Nc7 13. e4 f5 14. e5 g5 15. exd6
exd6 16. fxg5 hxg5 17. Bg3 Qf6 18. Kh1 Qh6 19. Bf2 Rae8 20. g4 Be5 21. Bg1 Bf4
22. Rf2 Nf6 23. gxf5 Bxf5 24. Nf1 Re5 25. Bd3 Bh3 26. Ne2 Ng4 27. Rf3 Bxf1 28.
Qxf1 Nxh2 29. Rh3 Nxf1 30. Rxh6 Rxe2 31. Rg6+ Kf7 32. Bxe2 Ng3+ 33. Kg2 Nxe2
34. Rh6 Kg7 35. Rh3 Be5 36. Rb3 Nf4+ 37. Kh1 Rh8+ 38. Bh2 Ne2 39. Kg2 Rxh2+ 40.
Kf3 Nd4+ 0-1

[Event "21. Copenhagen Open  (Politiken Cup)"]
[Site "Copenhagen"]
[Date "1999.07.11"]
[Round "8"]
[White "Kristjansson, Stefan"]
[Black "Carlsson, Pontus"]
[Result "0-1"]
[WhiteElo "2278"]
[BlackElo "2186"]
[PlyCount "80"]
[EventDate "1999.07.03"]
[EventType "swiss"]
[EventRounds "11"]
[EventCountry "DEN"]
[SourceDate "2004.01.01"]

1. e4 e6 2. d4 d5 3. Nd2 Nf6 4. e5 Nfd7 5. f4 c5 6. c3 Nc6 7. Ndf3 Qb6 8. g3
cxd4 9. cxd4 Bb4+ 10. Kf2 f6 11. Kg2 O-O 12. Bd3 fxe5 13. fxe5 Nxd4 14. Nxd4
Nxe5 15. Bf4 Nxd3 16. Qxd3 Bd6 17. Bxd6 Qxd6 18. Nge2 e5 19. Nb5 Qc5 20. Rhf1
Bd7 21. Na3 Bc6 22. Rxf8+ Rxf8 23. Rf1 Rd8 24. Rc1 Qb4 25. Qb3 Qe4+ 26. Qf3 Qb4
27. Qb3 Qd2 28. Rc2 Qe1 29. Ng1 Kh8 30. Qd3 d4+ 31. Rxc6 bxc6 32. Nf3 Qc1 33.
Qd2 Qc5 34. Qg5 Re8 35. Qf5 Qd5 36. b3 d3 37. Nc4 e4 38. Nfe5 e3+ 39. Kh3 e2
40. Nd6 Qe6 0-1

[Event "21. Copenhagen Open  (Politiken Cup)"]
[Site "Copenhagen"]
[Date "1999.07.11"]
[Round "8"]
[White "Haagen Larsen, Hans"]
[Black "Tjornsted, Peter"]
[Result "0-1"]
[WhiteElo "1612"]
[BlackElo "1837"]
[PlyCount "80"]
[EventDate "1999.07.03"]
[EventType "swiss"]
[EventRounds "11"]
[EventCountry "DEN"]
[SourceDate "2004.01.01"]

1. d4 d5 2. Nf3 Nf6 3. Bf4 Bf5 4. c3 e6 5. Qb3 b6 6. e3 Bd6 7. Ne5 O-O 8. Nd2
Nfd7 9. Be2 f6 10. Nxd7 Qxd7 11. Bxd6 Qxd6 12. c4 c6 13. h4 Bg6 14. h5 Bf7 15.
O-O-O Nd7 16. g4 a6 17. Bd3 e5 18. Qc2 e4 19. Nxe4 dxe4 20. Bxe4 h6 21. Bh7+
Kh8 22. f4 Bxc4 23. Qxc4 Kxh7 24. Qd3+ Kh8 25. Rdg1 c5 26. g5 fxg5 27. fxg5
hxg5 28. Rxg5 cxd4 29. Rhg1 Ne5 30. Qd1 Nf3 31. Rxg7 Nxg1 32. Rxg1 Rac8+ 33.
Kb1 Rg8 34. Re1 d3 35. Rf1 d2 36. Qb3 Rc1+ 37. Rxc1 dxc1=Q+ 38. Kxc1 Rg1+ 39.
Kc2 Qd1+ 40. Kc3 Qxb3+ 0-1

[Event "21. Copenhagen Open  (Politiken Cup)"]
[Site "Copenhagen"]
[Date "1999.07.11"]
[Round "8"]
[White "Larsen, Karsten"]
[Black "Adamski, Jan"]
[Result "1-0"]
[WhiteElo "2281"]
[BlackElo "2418"]
[PlyCount "111"]
[EventDate "1999.07.03"]
[EventType "swiss"]
[EventRounds "11"]
[EventCountry "DEN"]
[SourceDate "2004.01.01"]

1. e4 c5 2. Nf3 e6 3. d3 Nc6 4. g3 Nge7 5. Bg2 g6 6. O-O Bg7 7. c3 e5 8. Be3 d6
9. d4 exd4 10. cxd4 Bg4 11. dxc5 dxc5 12. Nbd2 b6 13. Rb1 O-O 14. a3 Ne5 15. h3
Bxf3 16. Bxf3 Nxf3+ 17. Qxf3 Qd7 18. h4 f5 19. Rbd1 Rae8 20. e5 Qe6 21. Rfe1
Nc6 22. Nc4 Rd8 23. Bf4 Nd4 24. Qd3 Qc6 25. Nd6 b5 26. Re3 Ne6 27. Qd5 Qxd5 28.
Rxd5 h6 29. Red3 g5 30. hxg5 hxg5 31. Bc1 a6 32. f4 c4 33. Rd1 Bh6 34. fxg5
Bxg5 35. Bxg5 Nxg5 36. Kg2 Ne6 37. Nxf5 Rxf5 38. Rxd8+ Nxd8 39. Rxd8+ Kf7 40.
Rd5 Ke6 41. Rd6+ Kxe5 42. Rxa6 Kd4 43. Re6 Rc5 44. Rf6 c3 45. Rf4+ Ke5 46. bxc3
Rxc3 47. Rf3 Rc2+ 48. Kh3 Ke4 49. Rb3 Rc5 50. Kg4 Ke5 51. Rf3 Ke6 52. Kh4 Rc4+
53. g4 b4 54. axb4 Rxb4 55. Kh5 Rb8 56. g5 1-0